Pasaje a la India

Adaptación de una novela del escritor inglés E. M. Forster. India colonial, años 20. Adela, una joven inglesa, viaja a la India, en compañía de su futura suegra, para contraer matrimonio con un magistrado de Chandrapore. La joven está obsesionada por conocer a fondo la realidad del país y encuentra...

Descripción completa

Guardado en:
Autor Principal: Lean, David.
Autor Corporativo: EMI Films.
Otros Autores: Morgan Forster, Edward; Novela., Davis, Judy; Reparto., Ashcroft, Peggy; Reparto.
Formato: Deslizar
Idioma:Undetermined
Publicado: Reino Unido : Columbia Pictures, 1984.
Materias:
Etiquetas: Agregar Etiqueta
Sin Etiquetas, Sea el primero en etiquetar este registro!
LEADER 01386ngm a22002415a 4500
001 CEM.cems020700
008 231127s1984####xx#---############vlund#d
005 20231127204326.0
245 1 0 |a Pasaje a la India  |h [videograbación] /  |c David Lean. 
260 |a Reino Unido :  |b Columbia Pictures,  |c 1984. 
300 |a 163'. 
520 |a Adaptación de una novela del escritor inglés E. M. Forster. India colonial, años 20. Adela, una joven inglesa, viaja a la India, en compañía de su futura suegra, para contraer matrimonio con un magistrado de Chandrapore. La joven está obsesionada por conocer a fondo la realidad del país y encuentra la oportunidad de satisfacer su deseo gracias al doctor Aziv, un médico hindú. Sin embargo, cuando éste organiza una excursión para mostrarle las cuevas de Marabar, ocurre algo absolutamente impensable. 
590 |a Identificación anterior: 312 
538 |a Soporte: DVD -- Formato: AVI – Peso: 1.36gb -- Resolución: 592 x 320 -- 23.98fps 
500 |a Título original: A Passage to India – Idioma: Inglés – Subtítulos: Español. 
100 1 |a Lean, David. 
700 1 |a Morgan Forster, Edward; Novela. 
700 1 |a Davis, Judy; Reparto. 
700 1 |a Ashcroft, Peggy; Reparto. 
710 2 |a EMI Films. 
653 |a FICCIÓN 
653 |a LARGOMETRAJE 
859 |a CEMS  |b BIB. CEMS - Depto. Recursos Didacticos  |h 778.5  |i LEA  |k DRD  |p 3253.23  |t Ej.1